| Tag |
First Indicator |
Second Indicator |
Subfields |
| LEADER |
00000cam a2200000Ii 4500 |
| 001 |
in00003909821 |
| 005 |
20190416171812.0 |
| 006 |
m o d |
| 007 |
cr cnu---unuuu |
| 008 |
141003s2014 cau ob 000 0 eng d |
| 019 |
|
|
|a 892632845
|
| 020 |
|
|
|a 9780833086983
|q (electronic bk.)
|
| 020 |
|
|
|a 0833086987
|q (electronic bk.)
|
| 020 |
|
|
|z 0833086642
|
| 020 |
|
|
|z 9780833086648
|
| 035 |
|
|
|a (OCoLC)ocn892105677
|
| 035 |
|
|
|a (OCoLC)892105677
|z (OCoLC)892632845
|
| 037 |
|
|
|a 22573/ctt6v313m
|b JSTOR
|
| 040 |
|
|
|a JSTOR
|b eng
|e rda
|e pn
|c JSTOR
|d AD#
|d CUI
|d YDXCP
|d ECB
|d OCLCQ
|d CUS
|d TEF
|d COO
|d OCLCQ
|d UtOrBLW
|
| 043 |
|
|
|a n-us---
|
| 049 |
|
|
|a TXAM
|
| 050 |
|
4 |
|a HG8054.5
|b .D96 2014eb
|
| 072 |
|
7 |
|a LAW054000
|2 bisacsh
|
| 072 |
|
7 |
|a BUS033070
|2 bisacsh
|
| 072 |
|
7 |
|a POL037000
|2 bisacsh
|
| 072 |
|
7 |
|a HIS036000
|2 bisacsh
|
| 082 |
0 |
4 |
|a 368.4/8
|2 23
|
| 100 |
1 |
|
|a Dworsky, Michael,
|e author.
|0 http://id.loc.gov/authorities/names/no2014101307
|
| 245 |
1 |
4 |
|a The impact on workers' compensation insurance markets of allowing the Terrorism Risk Insurance Act to expire /
|c Michael Dworsky, Lloyd Dixon.
|
| 264 |
|
1 |
|a [Santa Monica, California] :
|b Rand Corporation,
|c [2014]
|
| 264 |
|
4 |
|c ©2014
|
| 300 |
|
|
|a 1 online resource (20 pages).
|
| 336 |
|
|
|a text
|b txt
|2 rdacontent
|
| 337 |
|
|
|a computer
|b c
|2 rdamedia
|
| 338 |
|
|
|a online resource
|b cr
|2 rdacarrier
|
| 490 |
1 |
|
|a Policy brief / Rand Corporation
|
| 500 |
|
|
|a "RR-643-CCRMC"--Page 4 of cover.
|
| 500 |
|
|
|a "RAND Center for Catastrophic Risk Management and Compensation"--Page 4 of cover.
|
| 504 |
|
|
|a Includes bibliographical references.
|
| 588 |
0 |
|
|a Print version record.
|
| 520 |
|
|
|a Congress enacted the Terrorism Risk Insurance Act (TRIA) in 2002, in response to terrorism insurance becoming unavailable or, when offered, extremely costly in the wake of the 9/11 attacks. The law provides a government reinsurance backstop in the case of a terrorist attack by providing mechanisms for avoiding an immediate drawdown of capital for insured losses or possibly covering the most extreme losses. Extended first in 2005 and again in 2007, TRIA is set to expire at the end of 2014, and Congress is again reconsidering the appropriate government role in terrorism insurance markets. This policy brief examines how markets for workers' compensation (WC) insurance would be affected if TRIA were to expire. They explain that TRIA expiration would affect WC insurance markets differently from other insurance markets because WC statutes rigidly define the terms of coverage, such that in a post-TRIA world insurance companies would limit their terrorism risk exposure by declining coverage to employers facing high terrorism risk. Because WC coverage is mandatory for nearly all U.S. employers, employers that cannot purchase coverage would be forced to obtain coverage in markets of last resort. Migration of terrorism risk to these markets of last resort would increase the likelihood that WC losses from a catastrophic terror attack would largely be financed by businesses and taxpayers throughout the state in which the attack occurs, adding to the challenge of rebuilding in that state. TRIA, in contrast, spreads such risk across the country.
|
| 610 |
1 |
0 |
|a United States.
|t Terrorism Risk Insurance Act of 2002.
|0 http://id.loc.gov/authorities/names/no2003016464
|
| 650 |
|
0 |
|a Terrorism insurance
|x Government policy
|z United States.
|
| 650 |
|
0 |
|a Workers' compensation
|z United States.
|0 http://id.loc.gov/authorities/subjects/sh2008113759
|
| 650 |
|
7 |
|a LAW
|x Labor & Employment.
|2 bisacsh
|
| 655 |
|
7 |
|a Electronic books.
|2 local
|
| 700 |
1 |
|
|a Dixon, Lloyd S.,
|e author.
|0 http://id.loc.gov/authorities/names/n92082137
|
| 710 |
2 |
|
|a Rand Corporation,
|e issuing body.
|0 http://id.loc.gov/authorities/names/n78083407
|
| 710 |
2 |
|
|a RAND Center for Catastrophic Risk Management and Compensation.
|0 http://id.loc.gov/authorities/names/no2014054852
|
| 710 |
2 |
|
|a JSTOR (Organization)
|0 http://id.loc.gov/authorities/names/no97001983
|
| 776 |
0 |
8 |
|i Print version:
|a Dworsky, Michael.
|t Impact on workers' compensation insurance markets of allowing the Terrorism Risk Insurance Act to expire
|z 0833086642
|w (OCoLC)881257388
|
| 830 |
|
0 |
|a Policy brief (Rand Corporation)
|0 http://id.loc.gov/authorities/names/no2014077790
|
| 856 |
4 |
0 |
|u http://proxy.library.tamu.edu/login?url=http://www.jstor.org/stable/10.7249/j.ctt6wq9ht
|z Connect to the full text of this electronic book
|t 0
|
| 999 |
f |
f |
|s 904cba2a-57fb-3bcb-8b7a-b1ce1a930821
|i 69f763da-d6e1-3dcd-b3f4-f7cd5d0bd5c6
|t 0
|
| 952 |
f |
f |
|a Texas A&M University
|b College Station
|c Electronic Resources
|d Available Online
|t 0
|e HG8054.5 .D96 2014eb
|h Library of Congress classification
|
| 998 |
f |
f |
|a HG8054.5 .D96 2014eb
|t 0
|l Available Online
|